Strategies of knowledge acquisition
Αποθηκεύτηκε σε:
| Κύριος συγγραφέας: | |
|---|---|
| Μορφή: | Βιβλίο |
| Γλώσσα: | English |
| Δημοσίευση: |
Chicago, Illinois :
Society for Research in Child Development,
1995
|
| Σειρά: | Monographs of the Society for Research in Child Development ;
; Serial no.245, Vol.60, no.4 |
| Θέματα: | |
| Ετικέτες: |
Προσθήκη ετικέτας
Δεν υπάρχουν, Καταχωρήστε ετικέτα πρώτοι!
|
MARC
| LEADER | 00000nam a2200000 i 4500 | ||
|---|---|---|---|
| 001 | 1/87481 | ||
| 008 | 990727s1995 eng d | ||
| 020 | |a 0-226-45809-1 | ||
| 035 | |l 10052306 | ||
| 040 | |a GR-MY-UA |b gre |e aacr | ||
| 041 | 0 | |a eng | |
| 082 | 0 | |a 155.413 | |
| 100 | 1 | |a Kuhn, Deanna. | |
| 245 | 1 | 0 | |a Strategies of knowledge acquisition / |c Deanna Kuhn ... [et al.] ; with commentary by Sheldon H. White, David Klahr, Sharon M. Carver and a reply by the authors |
| 260 | |a Chicago, Illinois : |b Society for Research in Child Development, |c 1995 | ||
| 300 | |a 160 p. | ||
| 490 | 1 | |a Monographs of the Society for Research in Child Development |v ; Serial no. 245, Vol.60, no.4 |x 0037-976X | |
| 650 | 0 | 0 | |a Learning, Psychology of. |
| 650 | 0 | 0 | |a Knowledge, Theory of. |
| 650 | 0 | 0 | |a Cognition. |
| 650 | 0 | 0 | |a Cognition in children. |
| 830 | 0 | |a Monographs of the Society for Research in Child Development ; |v ; Serial no.245, Vol.60, no.4 |x 0037-976X | |
| 852 | |a INST |b RHODES |e 19990727 |h 155.413 STR |p 005400011818 |q 005400011818 |t BK |y 0 | ||
| 901 | |a BIBL4-1999-2 | ||
| 909 | |a Ρ |b 065977 | ||
| 922 | |a 4ΕΛΗ |b 199904 |c ΚΠΣ/154 |d LEADER | ||
| 970 | |z 1999/07/27 |a ΚΟΥΛΑΚΙΟΤΗ |b ΛΙΤΣΑ | ||